路面電車と乗り換え可能な駅 - Statistics

General Stats
  • This quiz has been taken 363 times
  • The average score is 36 of 74
Answer Stats
駅名 停留場名 路線 % Correct
宇都宮 宇都宮駅東口 宇都宮LRT
87%
富山 富山駅 富山地鉄
85%
福井 福井駅 福井鉄道
82%
広島 広島駅 広島電鉄
81%
岡山 岡山駅前 岡山電気軌道
79%
王子 王子駅前 都電荒川線
77%
大塚 大塚駅前 都電荒川線
77%
熊本 熊本駅前 熊本市電
77%
鹿児島 鹿児島駅前 鹿児島市電
77%
豊橋 駅前 豊鉄市内線
76%
長崎 長崎駅前 長崎電気軌道
76%
高知 高知駅前 とさでん交通
75%
鹿児島中央 鹿児島中央駅前 鹿児島市電
74%
松山 JR松山駅前 伊予鉄
73%
三ノ輪 三ノ輪橋 都電荒川線
64%
町屋 町屋駅前 都電荒川線
64%
天王寺 天王寺駅前 阪堺線
64%
雑司が谷 鬼子母神前 都電荒川線
62%
松山市 松山市駅 伊予鉄
62%
大通 西4丁目/狸小路 札幌市電
61%
高岡 高岡駅 万葉線
60%
函館 函館駅前 函館市電
59%
横川 横川駅 広島電鉄
59%
上熊本 上熊本 熊本市電
59%
石山 京阪石山 京阪大津線
58%
すすきの すすきの/狸小路 札幌市電
57%
南富山 南富山駅前 富山地鉄
57%
新今宮 新今宮駅前 阪堺線
57%
西広島 広電西広島 広島電鉄
57%
東池袋 東池袋四丁目 都電荒川線
55%
膳所 京阪膳所 京阪大津線
55%
新豊橋 駅前 豊鉄市内線
54%
浦上 浦上駅前 長崎電気軌道
54%
大津京 京阪大津京 京阪大津線
51%
新水前寺 新水前寺駅前 熊本市電
49%
熊野前 熊野前 都電荒川線
48%
太秦 帷子ノ辻/撮影所前 嵐山線
48%
嵯峨嵐山 嵐電嵯峨 嵐山線
48%
動物園前 新今宮駅前 阪堺線
48%
大阪阿部野橋 天王寺駅前 阪堺線
47%
大宮 四条大宮 嵐山線
46%
伊野 井野駅前 とさでん交通
46%
三軒茶屋 三軒茶屋 東急世田谷線
45%
山科 京阪山科 京阪大津線
45%
西院 西院 嵐山線
45%
西巣鴨 新庚申塚 都電荒川線
44%
下高井戸 下高井戸 東急世田谷線
44%
太秦天神川 嵐電天神川 嵐山線
43%
豪徳寺 山下 東急世田谷線
42%
浜寺公園 浜寺駅前 阪堺線
39%
電鉄富山 電鉄富山駅・エスタ前 富山地鉄
38%
田原町 田原町 福井鉄道
38%
本通 本通 広島電鉄
37%
後免町 後免町 とさでん交通
37%
南鹿児島 南鹿児島駅前 鹿児島市電
36%
豊水すすきの すすきの 札幌市電
35%
恵美須町 恵美須町 阪堺線
33%
住吉大社 住吉鳥居前 阪堺線
33%
御陵 御陵 京阪大津線
32%
大手町 大手町駅前 伊予鉄
32%
トロッコ嵯峨 嵐電嵯峨 嵐山線
30%
阿倍野 阿倍野 阪堺線
30%
朝倉 朝倉駅前 とさでん交通
29%
古町 古町 伊予鉄
28%
県庁前 紙屋町西/紙屋町東 広島電鉄
25%
能町 新能町 万葉線
23%
中島公園 山鼻9条 札幌市電
22%
西11丁目 中央区役所前 札幌市電
22%
西18丁目 西15丁目 札幌市電
20%
住吉東 神ノ木 阪堺線
16%
宇宿 脇田 鹿児島市電
16%
幌平橋 静修学園前 札幌市電
15%
粉浜 東粉浜 阪堺線
15%
枝川 枝川 とさでん交通
14%
No matching quizzes found
Score Distribution
Percent of People with Each Score
Percentile by Number Answered
Your Score History
You have not taken this quiz